[Event "ARG-ch U18"]
[Site "Ibague"]
[Date "2024.03.15"]
[Round "3"]
[White "Gomez Bernal, Juan Sebastian"]
[Black "Tapiero Lozano, Harrison Geronimo"]
[Result "1-0"]
[WhiteElo "1638"]
[BlackElo "1528"]
[PlyCount "57"]
[EventDate "2024.03.14"]
[EventType "swiss"]
[EventRounds "7"]
[EventCountry "COL"]
[SourceTitle "CB12_2024"]
[SourceDate "2023.10.01"]
[SourceVersion "1"]
[SourceVersionDate "2023.10.01"]
[SourceQuality "1"]

1. e4 c5 2. Nc3 d6 3. f4 Nc6 4. Bb5 a6 5. Bxc6+ bxc6 6. Nf3 Nf6 7. 0-0 g6 8. d3 Bg7 9. Qe1 0-0 10. Qh4 h6 11. f5 Kh7 12. g4 Rh8 13. g5 Nh5 14. fxg6+ fxg6 15. gxh6 Bd4+ 16. Kh1 Rf8 17. Ng5+ Kh8 18. Nf7+ Rxf7 19. Rxf7 Bf6 20. Rxf6 exf6 21. Be3 d5 22. Bxc5 dxe4 23. Nxe4 Qd5 24. c4 Qxd3 25. Nxf6 Qf3+ 26. Kg1 Qxf6 27. Bd4 Nf4 28. Qxf6+ Kg8 29. Qg7# 1-0